François Juno : L'An 1999 - Paroles - Statistiques

Statistiques générales
  • Ce quiz a été pris 7 fois
  • Le résultat moyen est 123 sur 199
Statistiques - réponses
Paroles % Correct
1999,
100%
a
100%
À
100%
à
100%
j'
100%
je
100%
-t
100%
20
75%
2000 ?
75%
2000,
75%
ai
75%
aimé
75%
aimer.
75%
an
75%
ans
75%
ans,
75%
as
75%
beau,
75%
coulera
75%
de
75%
deviendras
75%
dors,
75%
eau
75%
en
75%
encore
75%
Enfant,
75%
enfant
75%
Enfant
75%
éveillé,
75%
feras
75%
grand,
75%
-il
75%
L'
75%
l'
75%
le
75%
Marie,
75%
Marie-Cécile ?
75%
neuf ?
75%
notre
75%
on
75%
Pont-Neuf.
75%
pour
75%
près
75%
Près
75%
Que
75%
qui,
75%
quoi
75%
rêve
75%
s'
75%
sous
75%
temps
75%
temps.
75%
tes
75%
tout
75%
-tu
75%
tu
75%
Tu
75%
arc-en-ciel ?
50%
Combien
50%
déjà
50%
faire
50%
faudra
50%
-Junon
50%
-la
50%
la
50%
Marie-Cécile ?
50%
peine
50%
peur
50%
prie.
50%
Terre ?
50%
toi,
50%
trajet
50%
Vénus
50%
vie,
50%
viens
50%
amour
25%
comme
25%
Dans
25%
dentelle,
25%
des
25%
plastique,
25%
Porteras
25%
robes
25%
vit
25%
33
0%
Aimeras
0%
Alors
0%
amitié ?
0%
chansons ?
0%
Chanteras
0%
comment
0%
derrière
0%
dis
0%
et
0%
fleuriront.
0%
fleurs
0%
jardin
0%
les
0%
maison,
0%
matin
0%
mêmes
0%
-moi,
0%
mots
0%
puis
0%
skaï,
0%
soleil,
0%
tours
0%
vont.
0%
Aucun quiz correspondant
Distribution des résultats
% des personnes avec chaque résultat
Percentile par nombre de réponses
Votre historique - résultats
Vous n’avez pas pris ce quiz